000 01237cam a2200289 a 4500
001 2087786
003 OSt
005 20150720095935.0
008 950712s1996 mnuabk bf 001 0 eng
010 _a 95023789
020 _a0314065881 (hardcover : alk. paper)
040 _aSEKU
043 _an-us---
050 0 0 _aKF 320.L4
_bM5 1996
100 1 _aMiller, Roger LeRoy.
245 1 0 _aWest's paralegal today :
_bthe legal team at work
_cRoger LeRoy Miller, Mary S. Urisko.
250 _aComprehensive ed.
260 _aSt. Paul :
_bWest Pub.,
_cc1996.
300 _a1 v. (various pagings) :
_bcol. ill., forms, maps ;
_c26 cm. +
_einstructor's manual.
500 _aAccompanied by: Instructor's manual for The drama of the law: paralegal issues, which also accompanies West's paralegal today and West's paralegal today : the essentials.
504 _aIncludes bibliographical references and index.
590 _aLC copy of Instructor's manual for The drama of the law II: paralegal issues, is shelved with West's paralegal today (KF320.L4M556 1995)
650 0 _aLegal assistants
_zUnited States.
650 0 _aLegal assistants
_zUnited States
_vHandbooks, manuals, etc.
700 1 _aMeinzinger, Mary.
942 _2lcc
_cGEN
999 _c6306
_d6306